Simulation of Random Processes by Acceptance-rejection Method

Problematika generovania pseudonáhodných čísel pomocou metódy akceptovania-odmietnutia. Jej výhoda v prípade systému dvoch a viac náhodných premenných, ktoré nie sú nezávislé. Využívanie generátora pseudonáhodných čísel rovnomerného rozdelenia z intervalu (0,1) pomocou open source systému wxMaxima.

Saved in:
Bibliographic Details
Main Author: Fecenko, Jozef
Format: Book Chapter
Language:Slovak
Subjects:
Tags: Add Tag
No Tags, Be the first to tag this record!

MARC

LEADER 00000naa$a2200000$$$4500
001 0268246
005 20240502083803.3
041 0 |a slo 
044 |a CZ 
245 1 0 |a Simulation of Random Processes by Acceptance-rejection Method  |c Jozef Fecenko 
520 |a Problematika generovania pseudonáhodných čísel pomocou metódy akceptovania-odmietnutia. Jej výhoda v prípade systému dvoch a viac náhodných premenných, ktoré nie sú nezávislé. Využívanie generátora pseudonáhodných čísel rovnomerného rozdelenia z intervalu (0,1) pomocou open source systému wxMaxima. 
610 2 0 |a matematika poistná 
610 2 0 |a metódy matematicko-štatistické 
610 2 0 |a štatistika matematická 
610 2 0 |a teória pravdepodobnosti 
610 2 0 |a simulácia stochastická 
610 2 0 |a algoritmy 
610 2 0 |a metódy aktuárske 
100 1 |a Fecenko, Jozef